<?xml version="1.0" encoding="UTF-8"?><OAI-PMH xmlns="http://www.openarchives.org/OAI/2.0/" xmlns:xsi="http://www.w3.org/2001/XMLSchema-instance"     xsi:schemaLocation="http://www.openarchives.org/OAI/2.0/ http://www.openarchives.org/OAI/2.0/OAI-PMH.xsd"><responseDate>2026-05-17T16:53:14Z</responseDate><request verb="GetRecord" identifier="oai:regmurcia.com:fintegr.179" metadataPrefix="marc21">http://oai.regmurcia.com/oai2/oai2.php</request><GetRecord><record><header><identifier>oai:regmurcia.com:fintegr.179</identifier><datestamp>2026-05-17</datestamp><setSpec>documentos</setSpec></header><metadata><record  xmlns="http://www.loc.gov/MARC21/slim" xmlns:xsi="http://www.w3.org/2001/XMLSchema-instance" xsi:schemaLocation="http://www.loc.gov/MARC21/slim http://www.loc.gov/standards/marcxml/schema/MARC21slim.xsd" type="Bibliographic"><leader>00000nam a2200000   4500</leader><controlfield tag="001" >005078877</controlfield><controlfield tag="003" >179</controlfield><controlfield tag="004" >A00000000</controlfield><datafield tag="245" ind1=" " ind2=" "><subfield code="a">Provisión de Juan II a todo el reino, fijando el cambio de la moneda de vellón y ordenando que los precios volvieran al valor que tenían antes de la circulación de la nueva moneda que él había acuñado.</subfield></datafield><datafield tag="300" ind1=" " ind2=" "><subfield code="c">295 x 214 mm.</subfield></datafield><datafield tag="300" ind1=" " ind2=" "><subfield code="a">3 fol.</subfield></datafield><datafield tag="351" ind1=" " ind2=" "><subfield code="a">Unidad Documental</subfield><subfield code="c">Archivo de Murcia. Array</subfield><subfield code="a">Unidad Documental</subfield><subfield code="c">Archivo de Murcia. Array</subfield></datafield><datafield tag="351" ind1=" " ind2=" "><subfield code="b">Nº 46</subfield></datafield><datafield tag="505" ind1=" " ind2=" "><subfield code="a">/codom/16/226.pdf</subfield></datafield><datafield tag="506" ind1=" " ind2=" "><subfield code="a">Acceso restringido</subfield></datafield><datafield tag="510" ind1=" " ind2=" "><subfield code="a">Pub. ABELLÁN PÉREZ, JUAN. Documentos de Juan II. Murcia: Academia Alfonso X el Sabio, 1984, pp. 546-551</subfield></datafield><datafield tag="520" ind1=" " ind2=" "><subfield code="a">Juan II revoca, a petición de los procuradores, una ordenanza anterior, en la que mandaba retirar de la circulación  la moneda de vellón que  había acuñado, por ser esta de menor ley que la que había acuñado su padre. Los procuradores le piden que no se retire  pero que fije el cambio según su ley, para evitar la inflación que se había producido . El rey marca el cambio de cada moneda y dictamina que no se labrará moneda de vellón sin acuerdo de los procuradores, ordena además que los precios vuelvan al valor que tenían antes de la puesta en circulación de la  que él había acuñado.</subfield></datafield><datafield tag="583" ind1=" " ind2=" "><subfield code="u">http://www.regmurcia.com/servlet/s.Sl?METHOD=VERDOCUMENTO&amp;sit=serv,Carmesi&amp;n=/01/776/indice.djvu</subfield></datafield><datafield tag="592" ind1=" " ind2=" "><subfield code="a">1442-03-10</subfield></datafield><datafield tag="592" ind1=" " ind2=" "><subfield code="d">1442-03-10 00:00:00</subfield></datafield><datafield tag="651" ind1=" " ind2=" "><subfield code="a">Tordesillas</subfield></datafield><datafield tag="786" ind1=" " ind2=" "><subfield code="o">http://www.regmurcia.com/servlet/s.Sl?METHOD=VERDOCUMENTO&amp;sit=serv,Carmesi&amp;n=/01/776/indice.djvu</subfield></datafield><datafield tag="856" ind1=" " ind2=" "><subfield code="u">http://www.regmurcia.com/servlet/s.Sl?METHOD=DETALLE&amp;sit=c,373,m,139,serv,Carmesi&amp;id=179</subfield></datafield></record></metadata></record></GetRecord></OAI-PMH>
